| Tag |
First Indicator |
Second Indicator |
Subfields |
| LEADER |
00000cam a2200000 4500 |
| 001 |
in00000040892 |
| 005 |
20151007064722.0 |
| 008 |
731016s1948 nyu 00000 eng u |
| 010 |
|
|
|a 48009465
|
| 035 |
|
|
|a (OCoLC)00718390
|
| 035 |
|
|
|9 AAE0448AM
|
| 040 |
|
|
|c KSU
|d TXA
|d UtOrBLW
|
| 049 |
|
|
|a TXAM
|c 1 [424090]
|
| 050 |
0 |
0 |
|a QC475
|b .R65 1948
|
| 092 |
|
|
|a 537.53
|b R651r2
|
| 100 |
1 |
|
|a Robertson, John Kellock,
|d 1885-
|
| 245 |
1 |
0 |
|a Radiology physics ;
|b an introductory course for medical or premedical students and for all radiologists.
|
| 250 |
|
|
|a 2d ed.
|
| 264 |
|
1 |
|a New York :
|b D. Van Nostrand Co.,
|c [1948]
|
| 300 |
|
|
|a xvii, 323 pages :
|b illustrations ;
|c 24 cm.
|
| 336 |
|
|
|a text
|b txt
|2 rdacontent
|
| 337 |
|
|
|a unmediated
|b n
|2 rdamedia
|
| 338 |
|
|
|a volume
|b nc
|2 rdacarrier
|
| 650 |
|
0 |
|a X-rays.
|
| 650 |
|
0 |
|a Electricity.
|
| 650 |
|
0 |
|a Radioactivity.
|
| 999 |
|
|
|a MARS
|
| 999 |
f |
f |
|s 3fe25979-2ff6-3ac7-879c-240965f1a197
|i 3a9edab1-65ce-3c8b-a42e-063c060e8598
|t 0
|
| 952 |
f |
f |
|p ric
|a Texas A&M University
|b Rellis Campus
|c Joint Library Facility
|d Remote Storage
|t 0
|e QC475 .R65 1948
|h Library of Congress classification
|i unmediated -- volume
|m A14800924374
|
| 998 |
f |
f |
|a QC475 .R65 1948
|t 0
|l Remote Storage
|